Olympique Lyonnais (2020/2021) - Statistiques

Statistiques générales
  • Ce quiz a été pris 714 fois
  • Le résultat moyen est 16 sur 23
Statistiques - réponses
Numéro Poste Réponse % Correct
1 Gardien Anthony Lopes
100%
8 Milieu Houssem Aouar
91%
9 Attaquant Moussa Dembele
91%
10 Attaquant Memphis Depay
89%
14 Défenseur Léo Dubois
87%
6 Défenseur Marcelo
86%
25 Milieu Maxence Caqueret
86%
5 Défenseur Jason Denayer
85%
7 Attaquant Karl Toko-Ekambi
82%
12 Milieu Lucas Paqueta
82%
27 Attaquant Maxwel Cornet
80%
23 Milieu Thiago Mendes
80%
18 Attaquant Ryan Cherki
77%
39 Milieu Bruno Guimaraes
76%
30 Gardien Julian Pollersbeck
67%
11 Attaquant Tino Kadewere
66%
2 Défenseur Sinaly Diomande
62%
40 Gardien Malcolm Barcola
57%
26 Défenseur Melvin Bard
39%
4 Milieu Jean Lucas
31%
22 Défenseur Mattia De Sciglio
29%
3 Défenseur Djamel Benlamri
19%
19 Défenseur Cenk Ozkacar
7%
Aucun quiz correspondant
Distribution des résultats
% des personnes avec chaque résultat
Percentile par nombre de réponses
Votre historique - résultats
Vous n’avez pas pris ce quiz